000 00622nam 22002053 4500
001 202781
090 _a202781
100 _a20260629d u||y0pory50 ba
200 _aL'antiquité
_eclasse de sixième
_fJules Isaac, Henri Béjean
210 _a[S.l.]
_cClassiques Hachette
_d1939
215 _a298 p.
_cil. ; encadernado
_d20 cm
225 _aCours d'histoire Malet-Isaac
606 _95059
_aHistória Antiga
675 _a930
_vPT
_zpor
675 _a94
_vPT
_zpor
700 _917654
_aIsaac
_bJules
_f1877-1963
701 _917655
_aBéjean
_bHenri
801 _aPT
_bBMMN
_gRPC
830 _cAna Falardo
_fAna Falardo
990 _cLIVROS